Statistics for Oceania Country and Region Flags

Click here to take the quiz!

General Stats

  • This quiz has been taken 25 times
    (20 since last reset)
  • The average score is 12 of 14

Answer Stats

Answer% Correct
Australia
100%
New Zealand
100%
Fiji
93%
Micronesia
87%
Papua New Guinea
87%
Samoa
87%
Tonga
87%
Kiribati
80%
Marshall Islands
80%
Nauru
80%
Palau
80%
Solomon Islands
80%
Tuvalu
80%
Vanuatu
80%

Score Distribution

Percentile by Number Answered

Percent of People with Each Score

Your Score History

You have not taken this quiz since the last reset